<?xml version="1.0" encoding="UTF-8"?>
<marc:record xmlns:marc="http://www.loc.gov/MARC21/slim">
   <marc:leader>00000nam a2200000 a 4500</marc:leader>
   <marc:datafield ind1="1" ind2=" " tag="100">
      <marc:subfield code="a">Bielész, Peter</marc:subfield>
      <marc:subfield code="4">aut</marc:subfield>
      <marc:subfield code="e">Verfasser/-in</marc:subfield>
   </marc:datafield>
   <marc:datafield ind1=" " ind2=" " tag="653">
      <marc:subfield code="a">Softcover / Belletristik/Dramatik</marc:subfield>
   </marc:datafield>
   <marc:datafield ind1=" " ind2=" " tag="653">
      <marc:subfield code="a">Dramatik</marc:subfield>
   </marc:datafield>
   <marc:datafield ind1="0" ind2="0" tag="245">
      <marc:subfield code="a">Begegnung mit Seltsam</marc:subfield>
   </marc:datafield>
   <marc:datafield ind1="0" ind2="0" tag="245">
      <marc:subfield code="b">Paul Celan - Martin Heidegger 26. Juli 1967 in Todtnauberg ; eine tragische Groteske</marc:subfield>
   </marc:datafield>
   <marc:datafield ind1="0" ind2="0" tag="245">
      <marc:subfield code="c">Peter Bielész</marc:subfield>
   </marc:datafield>
   <marc:datafield ind1=" " ind2="1" tag="264">
      <marc:subfield code="a">Wien</marc:subfield>
      <marc:subfield code="b">Ed. Garamond</marc:subfield>
   </marc:datafield>
   <marc:datafield ind1="1" ind2=" " tag="520">
      <marc:subfield code="a">Angaben aus der Verlagsmeldung

Begegnung mit Seltsam : Eine tragische Groteske / von Peter Bielész

In szenischer Form werden die Gespräche eines realen Zusammentreffens evoziert: Paul Celan trifft nach jahrelangem Drängen Heideggers den berühmten Philosophen in bzw. vor dessen Hütte in Todtnauberg am 26. Juli 1967. Am Tag davor hatte Celan Heidegger wegen dessen Vergangenheit heftig beschuldigt. Im Theaterstück verlangt Celan die Einrichtung eines Niemandlands zwischen „seiner Seite“ und „Heideggers Seite“. Das Gespräch schwankt zwischen gegenseitigem Respekt und Verachtung, gemeinsamen Hölderlin-Rezitationen und heftigen Diskussionen. Kann es überhaupt eine Verständigung geben zwischen dem alternden Philosophen und dem heimatlosen Dichter oder stehen die verdrängte Vergangenheit des einen und die schmerzhaften Erfahrungen des anderen unüberwindbar im Wege?
</marc:subfield>
   </marc:datafield>
   <marc:datafield ind1=" " ind2=" " tag="020">
      <marc:subfield code="a">9783853060490</marc:subfield>
      <marc:subfield code="9">9783853060490</marc:subfield>
   </marc:datafield>
   <marc:datafield ind1=" " ind2=" " tag="041">
      <marc:subfield code="a">ger</marc:subfield>
   </marc:datafield>
   <marc:datafield ind1=" " ind2=" " tag="300">
      <marc:subfield code="a">174 S.</marc:subfield>
   </marc:datafield>
</marc:record>
